|
|
|
|
| LEADER |
00000nam0a2200000 4500 |
| 001 |
133896 |
| 005 |
20231031135457.0 |
| 010 |
|
|
|a 570450194X
|
| 035 |
|
|
|a (RuTPU)RU\TPU\book\145138
|
| 090 |
|
|
|a 133896
|
| 100 |
|
|
|a 20080322d1990 m y0rusy50 ca
|
| 101 |
0 |
|
|a rus
|
| 102 |
|
|
|a RU
|
| 105 |
|
|
|a a j 001zy
|
| 200 |
1 |
|
|a Автоматизация неразрушающего контроля крупногабаритных неметаллических конструкций
|e [учебное пособие]
|f С. В. Илюшин, А. И. Потапов, В. А. Сясько
|
| 210 |
|
|
|a Москва
|c Изд-во Всесоюзного заочного политехн. ин-та
|d 1990
|
| 215 |
|
|
|a 153 с.
|c ил.
|
| 320 |
|
|
|a Библиогр.: с. 151-152.
|
| 610 |
1 |
|
|a автоматизация
|
| 610 |
1 |
|
|a неразрушающий контроль
|
| 610 |
1 |
|
|a конструкции
|
| 610 |
1 |
|
|a учебные пособия
|
| 675 |
|
|
|a 658.562.6
|v 3
|
| 700 |
|
1 |
|a Илюшин
|b С. В.
|g Сергей Васильевич
|
| 701 |
|
1 |
|a Потапов
|b А. И.
|g Анатолий Иванович
|
| 701 |
|
1 |
|a Сясько
|b В. А.
|g Владимир Александрович
|
| 801 |
|
1 |
|a RU
|b 63413507
|c 20080322
|g PSBO
|
| 801 |
|
2 |
|a RU
|b 63413507
|c 20090921
|g PSBO
|
| 942 |
|
|
|c BK
|